La ectopia gástrica parcial en el niño / (Record no. 136035)

MARC details
000 -LEADER
campo de control de longitud fija 00709nam a2200205 4500
001 - NÚMERO DE CONTROL
campo de control 136035
003 - IDENTIFICADOR DE NÚMERO DE CONTROL
campo de control ES-MaACL
005 - FECHA Y HORA DE LA ÚLTIMA TRANSACCIÓN
campo de control 20230906195024.0
007 - CAMPO FIJO DE DESCRIPCIÓN FÍSICA--INFORMACIÓN GENERAL
campo de control de longitud fija t|
008 - DATOS DE LONGITUD FIJA--INFORMACIÓN GENERAL
campo de control de longitud fija 070214s1953 sp r ||||1| spa d
100 1# - ENTRADA PRINCIPAL--NOMBRE DE PERSONA
Nombre de persona Roviralta, Emilio.
9 (RLIN) 100163
245 13 - MENCIÓN DEL TÍTULO
Título La ectopia gástrica parcial en el niño /
Mención de responsabilidad, etc. Emilio Roviralta, Juan Picañol, Jaime Suñol.
260 ## - PUBLICACIÓN, DISTRIBUCIÓN, ETC.
Lugar de publicación, distribución, etc. Barcelona :
Nombre del editor, distribuidor, etc. Científico Médica,
Fecha de publicación, distribución, etc. 1953.
300 ## - DESCRIPCIÓN FÍSICA
Extensión 157 p. :
Otras características físicas il. ;
Dimensiones 22 cm.
500 ## - NOTA GENERAL
Nota general Precede al Tit : Instituto Policlínico de Barcelona.
700 1# - ENTRADA AGREGADA--NOMBRE PERSONAL
Nombre de persona Picañol i Peiratáo, Joan.
9 (RLIN) 131124
700 1# - ENTRADA AGREGADA--NOMBRE PERSONAL
Nombre de persona Suñol, Jaime.
9 (RLIN) 108800
710 2# - ENTRADA AGREGADA--NOMBRE DE ENTIDAD CORPORATIVA
Nombre de entidad corporativa o nombre de jurisdicción como elemento de entrada Instituto Policlínico de Barcelona.
9 (RLIN) 5208
852 ## - LOCALIZACIÓN
Ubicación ES-MaACL
Número de control de estantería D-8634
Sublocalización o colección R.33281
Holdings
Estatus retirado Estado de pérdida Estado de daño No para préstamo Biblioteca de origen Biblioteca actual Ubicación en estantería Fecha de adquisición Fuente de adquisición Total de préstamos Signatura topográfica completa Código de barras Visto por última vez Precio de reemplazo Tipo de ítem Koha
        Biblioteca del Ateneo de Madrid Biblioteca del Ateneo de Madrid Sala Valle Inclán 17/01/2008     D-8634 901141582 23/02/2023 23/02/2023 Libro impreso